A Reasonable doubt : (Record no. 10661)
[ view plain ]
| 000 -LEADER | |
|---|---|
| fixed length control field | 00560cam a22001932 4500 |
| 001 - CONTROL NUMBER | |
| control field | 0000003411 |
| 005 - DATE AND TIME OF LATEST TRANSACTION | |
| control field | 20151217154338.0 |
| 008 - FIXED-LENGTH DATA ELEMENTS--GENERAL INFORMATION | |
| fixed length control field | 070507s xx 000 0 eng d |
| 040 ## - CATALOGING SOURCE | |
| Original cataloging agency | KABU |
| Transcribing agency | KABU |
| 050 #0 - LIBRARY OF CONGRESS CALL NUMBER | |
| Classification number | KD371 |
| Item number | .M8S86 |
| 100 1# - MAIN ENTRY--PERSONAL NAME | |
| Personal name | Symons, Julian. |
| -- | 0000153322 |
| 245 12 - TITLE STATEMENT | |
| Title | A Reasonable doubt : |
| Remainder of title | some criminal cases re-examined. |
| 260 ## - PUBLICATION, DISTRIBUTION, ETC. (IMPRINT) | |
| Place of publication, distribution, etc. | London : |
| Name of publisher, distributor, etc. | Pan Books, |
| Date of publication, distribution, etc. | 1960. |
| 300 ## - PHYSICAL DESCRIPTION | |
| Extent | 249 p. |
| 650 #0 - SUBJECT ADDED ENTRY--TOPICAL TERM | |
| Topical term or geographic name as entry element | Trials (Murder) |
| Geographic subdivision | Great Britain. |
| -- | 0000153323 |
| 908 ## - PUT COMMAND PARAMETER (RLIN) | |
| Put command parameter | 070507 |
| 950 ## - LOCAL HOLDINGS (RLIN) | |
| -- | 1 |
| Withdrawn status | Lost status | Source of classification or shelving scheme | Not for loan | Home library | Current library | Date acquired | Total Checkouts | Full call number | Barcode | Date last seen | Date last checked out | Price effective from | Koha item type |
|---|---|---|---|---|---|---|---|---|---|---|---|---|---|
| Library of Congress Classification | Kabarak, Main Campus | Kabarak, Main Campus | 17/12/2015 | 2 | KD371 .M8S86 | 009684 | 28/09/2018 | 07/06/2018 | 17/12/2015 | General Collection |